Paroles - Indochine, Un homme dans la bouche - Statistiques

Statistiques générales
  • Ce quiz a été pris 16 fois
  • Le résultat moyen est 75 sur 125
Statistiques - réponses
Réponse % Correct
A
100%
à
100%
a
100%
I
100%
ça
88%
comme
88%
il
88%
je
88%
jour
88%
la
88%
Le
88%
me
88%
moi
88%
88%
ne
88%
pas
88%
pour
88%
que
88%
suis
88%
to
88%
un
88%
Un
88%
corps
75%
de
75%
en
75%
encore
75%
J'ai
75%
Mais
75%
mon
75%
on
75%
petit
75%
want
75%
amoureux
63%
Attends
63%
Blasphème
63%
jeter
63%
m'accompagner
63%
Pourquoi
63%
Quelqu'un
63%
trouver
63%
vie
63%
vienne
63%
voit
63%
beauty
50%
bien
50%
Cette
50%
confess
50%
dress
50%
feel
50%
froid
50%
J'espère
50%
man
50%
mess
50%
oh
50%
pretty
50%
qu'une
50%
si
50%
so
50%
the
50%
ciel
38%
envie
38%
juste
38%
l'air
38%
lumière
38%
Marcher
38%
m'attendre
38%
moon
38%
N'avoir
38%
pourra
38%
Rester
38%
sur
38%
travers
38%
va
38%
vers
38%
eyes
25%
mer
25%
mourir
25%
S'ennuyer
25%
Your
25%
your
25%
Aucun quiz correspondant
Distribution des résultats
% des personnes avec chaque résultat
Percentile par nombre de réponses
Votre historique - résultats
Vous n’avez pas pris ce quiz